Strong - One Direction (All Lyrics) - Statistics

General Stats
  • This quiz has been taken 86 times
  • The average score is 221 of 263
Answer Stats
Lyrics % Correct
strong
98%
strong?
98%
you
98%
you"
98%
you,
98%
I
96%
"I
96%
no
96%
when
96%
but
95%
do
95%
it
95%
it?
95%
make
95%
not
95%
so
95%
so,
95%
that
95%
don't
93%
if
93%
i'm
93%
is
93%
me
93%
me...
93%
say,
93%
with
93%
care,
91%
care
91%
need
91%
sorry
91%
wrong?
91%
wrong
91%
'cause
89%
love
89%
of
89%
scared
89%
weaker
88%
your
86%
my
82%
to
82%
hands,
80%
hands
80%
on
80%
up
80%
heart,
79%
heart
79%
like
79%
two
75%
baby,
71%
from
70%
i'll
70%
ships
70%
tied
70%
why
70%
hold
68%
keep
68%
try
68%
falling
66%
hard
66%
always
64%
apart
64%
we're
64%
how
63%
i'd
63%
anything
61%
been
61%
drifting,
61%
it's
61%
save
61%
us
61%
that's
59%
think
59%
between
57%
much
57%
oh
57%
break
55%
many
55%
nothing
54%
saying
54%
there's
52%
wasted
52%
words
52%
wait
50%
end
48%
pages
48%
people
48%
running
48%
sit
48%
their
48%
tight
48%
escape
46%
wanna
46%
weightless
46%
gone
45%
bookends
43%
breaking
43%
stop
43%
trying
43%
waves
43%
written
41%
'til
39%
move
36%
No matching quizzes found
Score Distribution
Percent of People with Each Score
Percentile by Number Answered
Your Score History
You have not taken this quiz